000 01005pam a2200349 a 4500
999 _c1701
_d1701
001 013761715
003 Uk
005 20230120110218.0
008 070517s2007 enka j 000 f eng d
015 _aGBA743443
_2bnb
016 7 _a013761715
_2Uk
020 _a9781405232418 (pbk.) :
040 _aStDuBDS
_beng
_cStDuBDS
_dUk
042 _aukblcatcopy
082 0 4 _a823.92 STR
_222
100 _aStrange, B
_eauthor
245 0 0 _aTeam spirit.
260 _aLondon :
_bEgmont,
_c2007.
300 _a145 p. :
_bill. ;
_c20 cm.
336 _atext
_2rdacontent
337 _aunmediated
_2rdamedia
338 _avolume
_2rdacarrier
490 1 _aToo ghoul for school
490 1 _a2HEADS : recommended by kids
500 _aFormerly CIP.
_5Uk
650 0 _aSt. Sebastian's School (Imaginary organization)
_vJuvenile fiction.
655 7 _aGhost stories.
_2gsafd
655 0 _aChildren's stories.
830 0 _aToo ghoul for school
830 0 _a2HEADS : recommended by kids
942 _2ddc
_cNFIC